01293nam a2200193 a 4500003001000000005001700010007000300027008004100030020002200071040003000093100004500123245004300168260004000211300002100251490002000272520075700292650003201049655001801081AR-RoUNCS20260701154606.0ta231004s2022 ag |r 00| f spa d a978-987-725-522-5 aAR-RoUNCSbspacAR-RoUNCS1 aMujica Lainez, Manuel,d1910-1984eautor14aLos ídolos / cManuel Mujica Lainez. aBuenos Aires :bDebolsillo,cc2022. a223 p. ;c19 cm.0 aContemporánea aDos amigos hechizados en su adolescencia por Los ídolos, único libro publicado por el enigmático escritor Lucio Sansilvestre, se reencuentran en Londres luego de más de diez años sin verse. Uno de ellos, Gustavo, sabe que el autor fantasmal vive en esa ciudad y está empecinado en encontrarlo. El otro, espectador cauteloso de la fascinación de su amigo, decide acompañarlo en la pesquisa. Logran dar con Sansilvestre sin demasiado esfuerzo, pero a partir de ese encuentro, la trayectoria de sus vidas da un vuelco definitivo. En esa zona inquietante entre el afecto y la obsesión, entre la veneración y el desprecio, se construye una trama seductora como un juego de espejos, en cuya espesura parece imposible no quedar atrapados. 72embneaLiteratura argentina 7aNovela2embne